LEADER 01621nam a2200325 i 4500 001 000000050042 003 CaOOAMICUS 005 20130704000000.0 008 130704s1996 xx u000 u fre u 013 $a21213 020 $a90-6186-723-1 020 $a90-6831-793-8 040 $aSeMil$bita 100 1 $aThomasset, Alain,$c.$0(OLS)http://semarc/name/90603 245 10$aPaul Ricoeur une poétique de la morale :$baux fondements d'une éthique herméneutique et narrative dans une perspective chrétienne /$cAlain Thomasset. 260 $aLeuven :$bUitgeverij Peeters,$c1996. 260 $aLeuven :$bUniversity Press,$c1996. 300 $aXVI, 706,6 p. ;$c25 cm. 490 0 $aBibliotheca Ephemeridum Theologicarum Lovaniensium ;$v124. 500 $aContiene : Annexe ; Bibliographie. 600 14$aRicoeur, Paul <1913-2005>.$0(OLS)http://semarc/subject/5634 830 0$aBibliotheca Ephemeridum Theologicarum Lovaniensium ;$v124.$0(OLS)http://semarc/title/108 850 $aSeMil 852 $aSeMil$W1$xVenegono$y1$m2IA A 124$j16197$B16197$CSeMilBibl$Z2$F16197 $81 961 $aOmaggio: Glossa (Libreria) 996 $6020$a90-6186-723-1$9(OLS)http://semarc/number/23636 996 $6020$a90-6831-793-8$9(OLS)http://semarc/number/23637 996 $6245$aPaul Ricoeur une poétique de la morale :$baux fondements d'une éthique herméneutique et narrative dans une perspective chrétienne$9(OLS)http://semarc/title/76321 996 $6260$aLeuven :$bUniversity Press$9(OLS)http://semarc/publisher/30124 996 $6260$aLeuven :$bUitgeverij Peeters$9(OLS)http://semarc/publisher/30123 LEADER 01584nam a2200253 i 4500 001 000000006131 003 CaOOAMICUS 005 20260129080556.0 008 180830s192u xx u000 u lat u 040 $aSeMil$bita 100 1 $aNoort, Gerard C. : van,$d<1861-1946>.$0(OLS)http://semarc/name/3298 245 10$aOpera dogmatica /$cG. Van Noort. 260 $aBussum in Hollandia :$bSumptibus Societatis Editricis Anonymae olim Paulus Brand,$c[192-] 300 $av. ;$c22 cm. 774 0 $aNoort, Gerard C. : van <1861-1946>$tTractatus De Gratia Christi.$dBussum in Hollandia : Paulus Brand Editor, 1934.$w()102134 774 0 $aNoort, Gerard C. : van <1861-1946>$tTractatus De Deo Redemptore.$dBussum in Hollandia : Paulus Brand Editor, 1925.$w()102135 774 0 $aNoort, Gerard C. : van <1861-1946>$tTractatus De Sacramentis. Vol. I.$dBussum in Hollandia : Paulus Brand Editor, 1927.$w()102136 774 0 $aNoort, Gerard C. : van <1861-1946>$tTractatus De Sacramentis.Vol.II.$dBussum (Olanda) : Paulus Brand Editor, 1930.$w()102289 774 0 $aNoort, Gerard C. : van <1861-1946>$tTractatus De Deo uno et trino.$bEditionem quartam.$w()121165 774 0 $aNoort, Gerard C. : van <1861-1946>$tTractatus De novissimis.$w()121166 774 0 $aNoort, Gerard C. : van <1861-1946>$tTractatus De Deo Creatore.$beditio tertia recognita.$w()121167 996 $6245$aOpera dogmatica$9(OLS)http://semarc/title/8354 996 $6260$aBussum in Hollandia :$bSumptibus Societatis Editricis Anonymae olim Paulus Brand$9(OLS)http://semarc/publisher/37430